Drones (Record no. 116299)

MARC details
000 -LEADER
fixed length control field 00958cam a22002415a 4500
001 - CONTROL NUMBER
control field L160256
008 - FIXED-LENGTH DATA ELEMENTS--GENERAL INFORMATION
fixed length control field 190603s2019 xxk f 000 0 eng d
020 ## - INTERNATIONAL STANDARD BOOK NUMBER
International Standard Book Number 9781783213559
035 ## - SYSTEM CONTROL NUMBER
System control number (Sirsi) u160256
041 0# - LANGUAGE CODE
Language code of text/sound track or separate title eng
100 1# - MAIN ENTRY--PERSONAL NAME
Personal name Kinghan, Peter
245 00 - TITLE STATEMENT
Title Drones
Remainder of title applications and compliance for surveyors
Medium [electronic resource]
260 ## - PUBLICATION, DISTRIBUTION, ETC.
Place of publication, distribution, etc. London
Name of publisher, distributor, etc. RICS
Date of publication, distribution, etc. 2019
300 ## - PHYSICAL DESCRIPTION
Extent i; 29p; 30cm
490 #0 - SERIES STATEMENT
Series statement RICS Insight
520 ## - SUMMARY, ETC.
Summary, etc. Looks at opportunities and the use of drones to assist surveying applications. Discusses compliance and regulatory issues including national and national legislation and developing standards. Includes case studies, glossary and a further reading list.
590 ## - LOCAL NOTE (RLIN)
Local note KA
650 24 - SUBJECT ADDED ENTRY--TOPICAL TERM
Topical term or geographic name entry element DRONES
651 #4 - SUBJECT ADDED ENTRY--GEOGRAPHIC NAME
Geographic name Europe
690 ## - LOCAL SUBJECT ADDED ENTRY--TOPICAL TERM (OCLC, RLIN)
Topical term or geographic name as entry element Geomatics
9 (RLIN) 6242
856 ## - ELECTRONIC LOCATION AND ACCESS
Uniform Resource Identifier <a href="https://www.rics.org/news-insights/research-and-insights/drones-applications-and-compliance-for-surveyors">https://www.rics.org/news-insights/research-and-insights/drones-applications-and-compliance-for-surveyors</a>
Public note available on rics.org
942 ## - ADDED ENTRY ELEMENTS (KOHA)
Suppress in OPAC 0
Source of classification or shelving scheme Dewey Decimal Classification
Holdings
Withdrawn status Lost status Source of classification or shelving scheme Damaged status Not for loan Home library Current library Shelving location Date acquired Total Checkouts Full call number Barcode Date last seen Copy number Price effective from Koha item type
    Dewey Decimal Classification     Archives Archives Archive copy 03/06/2019   2019/06 RICS 160256-7001 06/08/2019 1 06/08/2019 Book
    Dewey Decimal Classification     London London RICS Boxes 03/06/2019   2019/06 RICS 50014634 06/08/2019 1 06/08/2019 Book
    Dewey Decimal Classification     Virtual Virtual Online 03/06/2019   ONLINE PUBLICATION 160256-6001 09/11/2023 1 06/08/2019 Online material